MARC details
| 000 -LEADER |
| fixed length control field |
01745nam a2200301 a 4500 |
| 008 - FIXED-LENGTH DATA ELEMENTS--GENERAL INFORMATION |
| fixed length control field |
120416s1992 ||||||||||||||||| || u |
| 020 ## - INTERNATIONAL STANDARD BOOK NUMBER |
| International Standard Book Number |
0201523949 |
| 050 ## - LIBRARY OF CONGRESS CALL NUMBER |
| Classification number |
JK 469 Osb |
| 100 ## - MAIN ENTRY--PERSONAL NAME |
| Personal name |
Gaebler, Ted |
| 245 10 - TITLE STATEMENT |
| Title |
Reinventing government |
| 246 ## - |
| -- |
how the enterpreneurial spirit is transforming the public sector |
| 260 ## - PUBLICATION, DISTRIBUTION, ETC. |
| Place of publication, distribution, etc. |
Reading, Mass. |
| Name of publisher, distributor, etc. |
Addison-Wesley |
| Date of publication, distribution, etc. |
1992 |
| 300 ## - PHYSICAL DESCRIPTION |
| Extent |
xxii, 405p. |
| 350 ## - |
| -- |
0.00 |
| 500 ## - GENERAL NOTE |
| General note |
'A William Patrick book.' -Includes bibliographical references (p. [361]392) and index. |
| 650 ## - SUBJECT ADDED ENTRY--TOPICAL TERM |
| Topical term or geographic name entry element |
BUREAUCRACY--UNITED STATES |
| 650 ## - SUBJECT ADDED ENTRY--TOPICAL TERM |
| Topical term or geographic name entry element |
Government productivity--United States |
| 650 ## - SUBJECT ADDED ENTRY--TOPICAL TERM |
| Topical term or geographic name entry element |
GOVERNMENT |
| 650 #0 - SUBJECT ADDED ENTRY--TOPICAL TERM |
| Topical term or geographic name entry element |
ENTREPRENEURSHIP--UNITED STATES |
| 650 ## - SUBJECT ADDED ENTRY--TOPICAL TERM |
| Topical term or geographic name entry element |
ADMINSTRATIVE AGENCIES--UNITED STATES |
| 700 ## - ADDED ENTRY--PERSONAL NAME |
| Personal name |
Osborne, David, 1951- |
| 995 ## - |
| -- |
ANNEX COLLECTION (Main Library) |
| -- |
0.00 |
| -- |
727144 |
| -- |
CBU-MAIN LIBRARY (Kitwe) |
| -- |
2 |
| -- |
65.00 |
| -- |
JK 469 Osb |
| -- |
1 |
| -- |
AVAILABLE |
| -- |
018549 |
| -- |
Annex Low-Usage Collection |
| 995 ## - |
| -- |
ANNEX COLLECTION (Main Library) |
| -- |
0.00 |
| -- |
727143 |
| -- |
CBU-MAIN LIBRARY (Kitwe) |
| -- |
1 |
| -- |
65.00 |
| -- |
JK 469 Osb |
| -- |
2 |
| -- |
AVAILABLE |
| -- |
018552 |
| -- |
Annex Low-Usage Collection |
| 995 ## - |
| -- |
ANNEX COLLECTION (Main Library) |
| -- |
0.00 |
| -- |
727440 |
| -- |
CBU-MAIN LIBRARY (Kitwe) |
| -- |
4 |
| -- |
65.00 |
| -- |
JK 469 Osb |
| -- |
5 |
| -- |
AVAILABLE |
| -- |
50755 |
| -- |
Annex Low-Usage Collection |
| 995 ## - |
| -- |
ANNEX COLLECTION (Main Library) |
| -- |
0.00 |
| -- |
727441 |
| -- |
CBU-MAIN LIBRARY (Kitwe) |
| -- |
6 |
| -- |
65.00 |
| -- |
JK 469 Osb |
| -- |
6 |
| -- |
AVAILABLE |
| -- |
44122 |
| -- |
Annex Low-Usage Collection |
| 995 ## - |
| -- |
ANNEX COLLECTION (Main Library) |
| -- |
0.00 |
| -- |
727438 |
| -- |
CBU-MAIN LIBRARY (Kitwe) |
| -- |
3 |
| -- |
65.00 |
| -- |
JK 469 Osb |
| -- |
4 |
| -- |
AVAILABLE |
| -- |
44124 |
| -- |
Annex Low-Usage Collection |
| 995 ## - |
| -- |
ANNEX COLLECTION (Main Library) |
| -- |
0.00 |
| -- |
727439 |
| -- |
CBU-MAIN LIBRARY (Kitwe) |
| -- |
5 |
| -- |
65.00 |
| -- |
JK 469 Osb |
| -- |
3 |
| -- |
AVAILABLE |
| -- |
019031 |
| -- |
Annex Low-Usage Collection |
| 999 ## - |
| -- |
80033 |
| -- |
80033 |